000
00295nam a2200109 a 4500
001
000013557
005
20200929163253.0
008
091125s1965 ag 000 0 spa d
040
_a
DO-SdBNP
_b
spa
_c
BNPHU
245
0
0
_a
Coleccion de programas variados No. 2.
260
_a
Argentina :
_b
Verdad,
_c
1965.
999
_c
13179
_d
13179